000 01387nam a2200289 i 4500
001 162411
003 ES-MaACL
005 20250730063143.0
008 921112s1883 sp |||| | spa d
040 _aCAT
_bspa
_cCAT
_dCCPB
100 1 _aPonç i d'Icard, Lluís,
_dca. 1518-1578
_eaut
_9131264
245 1 0 _aLibro de las grandezas y cosas memorables de la metropolitana, insigne y famosa ciudad de Tarragona /
_checho por micer Luys Pons de Ycart
260 _aLérida :
_b[s.n.],
_c1883
_f(Imp. M. á c. de F. Carruéz)
300 _a[62], 328 páginas. ;
_c16 cm.
505 _aBiografía del autor por José Pleyán de Porta
530 _aDisponible en formato digital
534 _pFacs. de la ed. de: Lérida : por Pedro de Robles y Juan de Villanueva, 1572
600 1 7 _aPonç i d'Icard, Lluís,
_dca. 1518-1578
_2
_9131264
651 4 _aTarragona-
_xHistoria.
_9137378
655 7 _2tgfbne
_9226495
_aFacsímiles
700 1 _9241384
_aPleyan de Porta, José,
_d1841-1891
_eclb
852 _aES-MaACL
_cDEPO
_dOlim: G-791
_fEx-libris de Antonio Cánovas del Castillo
_gDedicatoria autógrafa de José Pleyan de Porta a Antonio Cánovas del Castillo
_jR-1936
_xHolandesa
856 _uhttp://hdl.handle.net/10459/2688
_yVersión en línea
_z(Repositori Obert UdL)
942 _2udc
_cMONANT
_n0
999 _c162411
_d162411